Statistics for PAW Patrol Quiz (easier version for mo918's)

Click here to take the quiz!

General Stats

  • This quiz has been taken 168 times
  • The average score is 10 of 18

Answer Stats

Hint Character % Correct
Leader of the PAW Patrol (human)Ryder
95%
Police/Spy Pup, Spy/____ is on the case!Chase
94%
Fire/Medical Pup, I'm fired up!Marshall
92%
Construction Pup, _____ on the double!Rubble
92%
Eco Pup, Green means GO!Rocky
87%
Aqua Pup, Let's dive in!Zuma
86%
Mountain Pup, Ice or snow, l'm ready to go!Everest
81%
Air Pup, This pup's gotta fly!Skye
80%
Mayor of Adventure Bay (PAW Patrol residency)Mayor Goodway
70%
Mayor's purse chickenChickalleta
58%
Young boy who loves the PAW PatrolAlex
45%
His possibly older sister who runs a pet grooming storeKatie
36%
Town's residency's antogonistMayor Humdinger
34%
His French cousinFrancois
24%
City's captainCaptain Turbot
21%
Young boy's grandpaMr Porter, Grandpa Porter
14%
PAW Patrol's leader's built-in robotRobo-Pup
13%
^'s feline version of PAW PatrolKitty Catastrophe Crew
6%

Score Distribution

Percentile by Number Answered

Percent of People with Each Score

Your Score History

You have not taken this quiz